Canı sıkılan zürafa mektup yazıyor ! / (Record no. 21270)

MARC details
000 -BAŞLIK
Sabit Uzunluktaki Kontrol Alanı 00643nam a22002057a 4500
003 - KONTROL NUMARASI KİMLİĞİ
Kontrol Alanı koha_MIRAKIL
005 - EN SON İŞLEM TARİHİ ve ZAMANI
Kontrol Alanı 20250103132540.0
008 - SABİT UZUNLUKTAKİ VERİ ÖGELERİ - GENEL BİLGİ
Sabit Alan 250103b |||||||| |||| 00| 0 ||| d
020 ## - ISBN - ULUSLARARASI STANDART KİTAP NUMARASI
Isbn 9786051883960
040 ## - KATALOGLAMA KAYNAĞI
Özgün Kataloglama Kurumu TR-IsEVY
Kataloglama Dili tur
Çeviri Kurumu TR-IsEVY
082 ## - DEWEY ONU SINIFLAMA SİSTEMİ
Sınıflama Numarası FIC IWA/C
100 ## - KİŞİ ADI
Yazar Adı (Kişi adı) Iwasa, Megumi
245 #0 - ESER ADI BİLDİRİMİ
Başlık Canı sıkılan zürafa mektup yazıyor ! /
Sorumluluk Bildirimi Megumi Iwasa ; resimleyen Jun Takabatake.
250 ## - BASIM BİLDİRİMİ
Basım Bildirimi 7. bs.
260 ## - YAYIN, DAĞITIM, VB.
Yayın Yeri İstanbul :
Yayınevi Beyaz Balina Yayınları ,
Yayın Tarihi 2024.
300 ## - FİZİKSEL TANIMLAMA
Sayfa, Cilt vb. 102 s. :
Diğer fiziki detaylar resimli ;
Boyutları 19 cm.
650 ## - KONU BAŞLIĞI EK GİRİŞ - KONU TERİMİ
Konusal terim veya coğrafi ad Çocuk edebiyatı.
Alt başlık biçimi Çocuk Romanı.
700 1# - EK GİRİŞ - KİŞİ ADI
Yazar Adı (Kişi adı) Takabatake, Jun.
Ünvan resimleyen.
942 ## - EK GİRİŞ ÖGELERİ (KOHA)
Source of classification or shelving scheme Dewey Decimal Classification
Koha item type Kitap
Holdings
Kayıp Durumu Sınıflandırma Kaynağı Hasarlı Durumu Koleksiyon Kodu Kalıcı Konum Mevcut Konum Kayıt Tarih Edinim Kaynağı Toplam Ödünçverme Yer Numarası Demirbaş Numarası Son Görülme Tarihi Son Kontrol Tarihi Fatura Tarihi Materyal Türü Kopya Bilgisi
  Dewey Decimal Classification   İlkokul İLKOKUL KÜTÜPHANESİ İLKOKUL KÜTÜPHANESİ 03/01/2025 Bağış 4 FIC IWA/C 22511 19/12/2025 09/12/2025 03/01/2025 Kitap  
  Dewey Decimal Classification   İlkokul İLKOKUL KÜTÜPHANESİ İLKOKUL KÜTÜPHANESİ 15/05/2025 Satınalma 2 FIC IWA/C 23569 16/12/2025 09/12/2025 15/05/2025 Kitap k.2